Music Quiz

Random Music or Artist Quiz

'No No No' Songs Quiz Stats

 Plays Quiz Updated Aug 11, 2016

Also try: Yes or No?
Challenge
Share
Tweet
Score 0/34 Timer 08:00
1 Play Today
Time Song % Correct
1:23Bohemian Rhapsody
68.6%
2:06Rehab
68.1%
1:02Billie Jean
66.4%
1:35(I Can't Get No) Satisfaction
65.4%
0:14Don't Phunk with My Heart
65%
1:19Don't Speak
58.8%
1:58Bitter Sweet Symphony
57%
1:05Rocket Man
52.6%
0:10Can't Buy Me Love
49.3%
0:31Don't Bring Me Down
34.8%
2:02Love Lockdown
25.4%
1:14Last Train to Clarksville
22.1%
0:46Hold My Hand
18.1%
0:00Rooster
17.7%
1:43Should've Said No
16.3%
0:35Wonderful
15.9%
1:26Everybody Hurts
13.4%
Time Song % Correct
1:10I'd Do Anything for Love (But I Won't Do That)
12.7%
0:24Fortunate Son
12.6%
0:27It Ain't Me, Babe
12%
1:08All These Things That I've Done
9.6%
1:30Under the Bridge
8.3%
0:44And I Am Telling You I'm Not Going
7.3%
0:41No Time
6.9%
0:19Far Behind
5.4%
1:54Bad
4.6%
2:13Tell Her No
4.3%
1:33Try a Little Tenderness
4.1%
0:22Without You
4%
1:40The No No Song
3.8%
0:50Nobody But Me
3.7%
0:16Rock 'n' Roll Suicide
2.7%
0:07Melissa
1.6%
2:09Don't Download This Song
1.5%

You're not logged in!

Compare scores with friends on all Sporcle quizzes.
OR
Log In

You Might Also Like...

Show Comments

Extras

Top Quizzes Today


Score Distribution

Your Account Isn't Verified!

In order to create a playlist on Sporcle, you need to verify the email address you used during registration. Go to your Sporcle Settings to finish the process.

Report this User

Report this user for behavior that violates our Community Guidelines.

Details: